000 00407nam a2200157 a 4500
005 20140414131903.0
008 100902s19uu xx 00 eng d
050 _aFIC
_bK67 1978
100 _aKeene, Carolyn
245 _aClue in the crumbling wall (The).
260 _aNew York :
_bgrosset & Dunlap,
_c1978.
300 _a181
440 _aNancy Drew
650 _aMystery-
_xfiction
999 _c110801
_d110801